000 00572nam a2200205 i 4500
001 34915
003 ES-MaACL
005 20230906155023.0
007 t|
008 030211s1969 sp ||||1| spa d
100 1 _aBoix Junquera, F.
_929908
245 1 0 _aBreve estudio sobre la prostitución /
_cF. Boix.
250 _a[1ª ed.].
260 _aBarcelona :
_bNova Terra, etc,
_c[1969]
300 _a31 p. ;
_c20 cm.
490 1 _aCuaderno genus ;
_v4
830 0 _aCuaderno genus ;
_v4
_9229520
852 _aES-MaACL
_j2070-F-3
_bR.70549
999 _c34915
_d34915